<The> Transfer of power decentralization in central and eastern Europe
Uložené v:
| Ďalší autori: | |
|---|---|
| Médium: | Kniha |
| Jazyk: | English |
| Vydavateľské údaje: |
Budapest
Local Government and Public Service Reform Initiative/ Open Society Institute
1999
|
| Predmet: | |
| Tagy: |
Žiadne tagy, Buďte prvý, kto otaguje tento záznam!
|
MARC
| LEADER | 00000nam a2200000 4500 | ||
|---|---|---|---|
| 001 | c124341 | ||
| 005 | 20221221084843.6 | ||
| 020 | |a 963-03-5083-1 | ||
| 041 | 0 | |a eng | |
| 044 | |a HU | ||
| 245 | 1 | 0 | |a <The> Transfer of power |b decentralization in central and eastern Europe |c Edited by Jonathan D. Kimball |
| 264 | 1 | |a Budapest |b Local Government and Public Service Reform Initiative/ Open Society Institute |c 1999 | |
| 300 | |a 149 s. | ||
| 610 | 2 | 0 | |a decentralizácia |
| 610 | 2 | 0 | |a moc politická |
| 610 | 2 | 0 | |a moc štátna |
| 610 | 2 | 0 | |a reformy |
| 610 | 2 | 0 | |a demokracia |
| 610 | 2 | 0 | |a transformácia |
| 610 | 2 | 0 | |a správa štátna |
| 610 | 2 | 0 | |a štúdie prípadové |
| 610 | 2 | 0 | |a obdobie prechodné |
| 610 | 2 | 0 | |a hospodárstvo trhové |
| 610 | 2 | 0 | |a Európa |
| 610 | 2 | 0 | |a SVE |
| 700 | 1 | |a Kimball, Jonathan D. | |